| 000 | 00634nam a22002057a 4500 | ||
|---|---|---|---|
| 003 | OSt | ||
| 005 | 20220929213817.0 | ||
| 008 | 220929b |||||||| |||| 00| 0 eng d | ||
| 020 | _a1583-8293 | ||
| 040 | _cBiblioteca Lado V | ||
| 082 |
_a750 _bN129i |
||
| 100 |
_930 _aNadasan, Timoti |
||
| 245 | _aIdea/ | ||
| 260 |
_aParis _bIDEA Desing & Print Cluj si Fundatia IDEA _c2004 |
||
| 300 |
_a167p. _c21x26cm |
||
| 650 |
_2Tesauro de Arte & Arquitectura _aARTE |
||
| 650 |
_2Tesauro de Arte & Arquitectura _aARTE VISUAL |
||
| 650 |
_2Tesauro de Arte & Arquitectura _aCOLECCION |
||
| 942 |
_2ddc _c1 _h750 _iN129i _n0 |
||
| 999 |
_c2140 _d2140 |
||